| 000 | 00347nam a2200109Ia 4500 | ||
|---|---|---|---|
| 008 | 171211s9999 xx 000 0 und d | ||
| 245 | _aNatural Language Processing with Java and LingPipe Cookbook | ||
| 245 | _cBreck Baldwin and Krishna Dayanidhi | ||
| 260 | _c2014 | ||
| 650 | _xSOFTWARE | ||
| 856 | _uhttp://down.ebook777.com/063/9781783284672.pdf | ||
| 999 |
_c349305 _d349305 |
||